000 00308 a2200133 4500
001 156310
040 _cEscola São Tomás de Aquino
100 _aMARQUES, Ana Martins
240 1 0 _aO livro das semelhanças
_lpor
245 1 0 _aO livro das semelhanças
362 0 _a2015
697 _aPoesia
942 _cBK
999 _c156310
_d156310